Responses for show #6476 - Monday, November 12, 2012

2012-B Teachers Tournament quarterfinal game 4.

Contestants

Brenton Montie, a sixth grade social studies teacher from South Lyon, Michigan

Marcia Edmundson, a high school French teacher from Chesterfield, Virginia

Tina Baybay-Bykov, an AP world history teacher from Orlando, Florida

Jeopardy! Round responses

BODY LANGUAGE
YOU'RE HISTORY!
SITCOMEDY
BRUSH UP YOUR SHAKESPEARE
ORGANIZATIONS
"P" IS FOR FASHION
    $200 16
nose

Tina
    $200 1
(Simón) Bolívar

Tina
    $200 3
The Big Bang Theory

Marcia
    $200 11
The Tempest

Marcia
    $200 24
Doctors Without Borders

Tina
    $200 8
pajamas

Triple Stumper
    $400 17
neck

Marcia
    $400 2
Peter the Great

Marcia
    $400 4
All in the Family

Marcia
    $400 12
(Brenton: Who is Laertes?)

Hamlet, Sr.

Brenton
Triple Stumper
    $400 27
OPEC

Brenton
    $400 9
a Panama hat

Brenton
    $600 18
cheek

Tina
    $600 21
William Penn

Marcia
    $600 5
Married... with Children

Brenton
    $500 13
(Marcia: What is adieu?)
(Alex: No. "A [*]! A [*]! My kingdom for a [*].")

horse

Marcia
    $600 28
a laptop

Brenton
    $600 10
a pump

Marcia
    $800 19
arms

Triple Stumper
    $800 22
Lucretia

Tina
    $800 6
Frasier

Brenton
    $800 14
(Marcia: Who is Falstaff?)

Pistol

Marcia
Triple Stumper
    $800 29
Hypnotists

Marcia
    $800 25
pantyhose

Marcia
    $1000 20
stomach

Marcia
    $1000 23
Mary (Queen of Scots)

Brenton
    $1000 7
Christopher Lloyd

Triple Stumper
    $1000 15
(Brenton: What is Romeo and Juliet?)

As You Like It

Brenton
Triple Stumper
    $1000 30
a coelacanth

Brenton
    $1000 26
polyester

Marcia

Scores at the first commercial break (after clue 13):

Tina Marcia Brenton
$200 $1,300 $1,400

Scores at the end of the Jeopardy! Round:

Tina Marcia Brenton
$2,000 $5,100 $3,400

Double Jeopardy! Round responses

"MON" DAY
TWO'S DAY
HUMP DAY
THOR'S DAY
FRY DAY
WEAK END
    $400 6
monkey bars

Marcia
    $400 12
C

Brenton
    $400 21
a bison

Brenton
    $400 7
(Tina: What is lightning?)

thunder

TinaBrenton
    $400 1
chicken fried steak

Brenton
    $400 24
Superman

Marcia
    $800 14
money market funds

Tina
    $800 13
binary

Triple Stumper
    $800 22
a moose

Marcia
    $800 8
a chariot

Marcia
    $800 2
a po' boy

Tina
    $800 25
Planet of the Apes

Brenton
    $1200 15
Monsignor

Tina
    $1200 18
two turtledoves

Marcia
    $1200 23
an ant

Marcia
    $1200 9
Loki

Marcia
    $1200 3
churros

Brenton
    $3,000 26
No Country for Old Men

Brenton
    $1600 16
moniker

Tina
    $2,000 19
(Marcia: My students are gonna laugh at that one 'cause they know me and numbers are not friends.)

a prime number

Marcia
    $1600 29
the musk ox

Brenton
    $1600 10
dwarves

Triple Stumper
    $1600 4
matzo brei

Triple Stumper
    $1600 27
A.I. (Artificial Intelligence)

Brenton
    $2000 17
a monolith

Marcia
    $2000 20
Cantonese

Tina
    $2000 30
(Tina: What is the dromedary?)

the Bactrian camel

TinaBrenton
    $2000 11
Mjolnir

Triple Stumper
    $2000 5
funnel cake

Triple Stumper
    $2000 28
The Bad Seed

Brenton

Scores at the end of the Double Jeopardy! Round:

Tina Marcia Brenton
$6,000 $15,100 $17,200

Final Jeopardy! Round responses

NATIONAL SONGS
TinaWhat is G America
$5,000
MarciaWhat is "God Save the Queen?"
$5,000
BrentonWhat is God save the Queen
$4,000
"God Save The Queen" (or "King")

Final scores:

Tina Marcia Brenton
$1,000 $20,100 $21,200
3rd place: $5,000 if eliminated 2nd place: $5,000 if eliminated Automatic semifinalist

Game dynamics:

Coryat scores:

Tina Marcia Brenton
$6,000 $15,200 $15,400
10 R,
2 W
20 R
(including 1 DD),
2 W
(including 1 DD)
18 R
(including 1 DD),
2 W

Combined Coryat: $36,600

The J! Archive is created by fans, for fans. The Jeopardy! game show and all elements thereof, including but not limited to copyright and trademark thereto, are the property of Jeopardy Productions, Inc. and are protected under law. This website is not affiliated with, sponsored by, or operated by Jeopardy Productions, Inc. Join the discussion at JBoard.tv.